00495 2200193 4500001002100000005001500021035002000036007000300056008004100059020002200100082001100122084001700133245002700150260003400177300004400211650001900255110001600274990001100290INLIS00000000000003320230922110811 a0010-0923000021ta230922 g 0 ind  a978-602-344-172-3 a633.18 a633.18 TIM i1 aInovasi Budi Daya Padi aJakarta :bIAARD Press,c2017 avii, 108 hlm, :bilus, ;c17 cm x 25 cm 4abudi daya padi0 aTim PUSTAKA a906/19